000 00830cad a22002295a 4500
001 L141768
008 071219s2007 xxkad f s 000 0 eng d
035 _a(Sirsi) u141768
041 0 _aeng
050 0 4 _a333.33 $2 18
110 2 _aInvestment Property Databank
_92288
245 0 0 _aIPD UK monthly property index
_bNovember 2007
_h[electronic resource]
260 _aLondon
_bIPD
_c2007
490 0 _aIPD UK Monthly Property Index
_vNovember 2007
520 _aReports the All Property total return to be -3.6%; the worst monthly total return on record.
590 _aKA NTK
650 2 4 _aIPD UK MONTHLY PROPERTY INDEX
651 4 _aUnited Kingdom
_y
690 _aPROPERTY-COMMERCIAL PROPERTY-COMMERCIAL PROPERTY MARKET
856 4 0 _uhttps://www.ipd.com/
_zView this report free of charge at www.ipd.com...
942 _n0
999 _c107768
_d107768